[Event "ESP-ch U18"]
[Site "Salobrena"]
[Date "2021.07.26"]
[Round "1"]
[White "Galvan Cipriani, Viviana"]
[Black "Gaspar Lopez, Rocio"]
[Result "1-0"]
[WhiteElo "2071"]
[BlackElo "1637"]
[PlyCount "103"]
[EventDate "2021.07.26"]
[EventType "swiss"]
[EventRounds "9"]
[EventCountry "ESP"]
[SourceTitle "CBM 203 Extra"]
[Source "ChessBase"]
[SourceDate "2021.09.30"]
[SourceVersion "1"]
[SourceVersionDate "2021.09.30"]
[SourceQuality "1"]

1. c4 e6 2. Nf3 d5 3. g3 Nf6 4. Bg2 c5 5. 0-0 d4 6. e3 Nc6 7. exd4 cxd4 8. Re1 Bd6 9. d3 0-0 10. Bg5 h6 11. Bxf6 Qxf6 12. Nbd2 e5 13. Ne4 Qd8 14. Nxd6 Qxd6 15. b4 Bg4 16. b5 Ne7 17. Qe2 Ng6 18. h3 Bxf3 19. Bxf3 Rab8 20. h4 Rfe8 21. Bd5 Nf8 22. Qf3 Re7 23. c5 Qf6 24. Qg2 Nd7 25. Rac1 b6 26. c6 Nc5 27. Bc4 Rc8 28. Re2 a6 29. bxa6 Rxc6 30. Bd5 Rcc7 31. Rb1 Nxa6 32. Reb2 Red7 33. Rxb6 Rd6 34. Rb7 Qg6 35. Rxc7 Nxc7 36. Rb8+ Kh7 37. Be4 f5 38. h5 Qg5 39. Rc8 Nb5 40. g4 Rf6 41. Bxf5+ Rxf5 42. gxf5 Qxh5 43. Qg6+ Qxg6+ 44. fxg6+ Kxg6 45. a4 Nc3 46. a5 Kf5 47. a6 Nb5 48. Rb8 Na7 49. Rb7 e4 50. dxe4+ Kxe4 51. Rxa7 d3 52. Rd7 1-0